Statistiques concernant Pays du Monde commençant par SAI, SAL, SLO, SOU, TCH, TUR

Cliquez ici pour prendre le quiz!

Statistiques générales

  • Ce quiz a été pris 104 fois
  • Le résultat moyen est 12 sur 14

Statistiques - réponses

Answer % Correct
Turquie
100%
Slovaquie
100%
Slovénie
99%
Soudan
97%
Turkménistan
94%
Soudan du Sud
90%
Tchéquie
88%
Salomon
83%
Tchad
78%
Salvador
69%
Sainte-Lucie
67%
Saint-Vincent-et-les Grenadines
65%
Saint-Marin
64%
Saint-Christophe-et-Niévès
63%

Distribution des résultats

Percentile by Number Answered

% des personnes avec chaque résultat

Votre développement - résultats

Vous n’avez pas pris ce quiz